Trenerzy Juventusu w XXI wieku - Statystyki

Ogólne statystyki
  • Ten quiz został rozwiązany 97 razy
  • Średni wynik to 5 z 12
Statystyki odpowiedzi
Lata Trener % Poprawnych
2011-2014 Antonio Conte
91%
2014-2019 Massimiliano Allegri
89%
2019-... Maurizio Sarri
70%
2001-2004 Marcello Lippi
53%
1999-2001 Carlo Ancelotti
43%
2004-2006 Fabio Capello
40%
2006-2007 Didier Deschamps
31%
2007-2009 Claudio Ranieri
27%
2009-2010 Ciro Ferrara
16%
2010-2011 Luigi Del Neri
16%
2010-2010 Alberto Zaccheroni
6%
2007-2007 Giancarlo Corradini
2%
Nie znaleziono quizów pasujących do podanych kryteriów
Rozkład punktacji
Procent ludzi z każdym wynikiem
Percentyl według liczby udzielonych odpowiedzi
Twoja historia wyników
Nie rozwiązałeś tego quizu